Statistics for Eurovision - Monaco given 12 points

Click here to take the quiz!

General Stats

  • This quiz has been taken 71 times
  • The average score is 8 of 11

Answer Stats

YearCountry% Correct
1976 | 2004 FinalFrance
100%
1975 | 1977United Kingdom
88%
1978Belgium
88%
2005 Final | 2005 SemifinalIsrael
74%
1979Germany
72%
2004 SemifinalCyprus
52%
2006 Final | 2006 SemifinalBosnia and Herzegovina
50%

Score Distribution

Percentile by Number Answered

Percent of People with Each Score

Your Score History

You have not taken this quiz